Structured design of steework to BS5950 / (Record no. 149739)

MARC details
000 -LEADER
fixed length control field 00672nam a2200229 a 4500
008 - FIXED-LENGTH DATA ELEMENTS--GENERAL INFORMATION
fixed length control field
049 ## - LOCAL HOLDINGS (OCLC)
Holding library MAIN
090 ## - LOCALLY ASSIGNED LC-TYPE CALL NUMBER (OCLC); LOCAL CALL NUMBER (RLIN)
Classification number (OCLC) (R) ; Classification number, CALL (RLIN) (NR) TA890
Local cutter number (OCLC) ; Book number/undivided call number, CALL (RLIN) MAR
003 - CONTROL NUMBER IDENTIFIER
control field
005 - DATE AND TIME OF LATEST TRANSACTION
control field 20230123133513.0
040 ## - CATALOGING SOURCE
Transcribing agency NUST
100 ## - MAIN ENTRY--PERSONAL NAME
Personal name Martin, L.H.
245 #0 - TITLE STATEMENT
Title Structured design of steework to BS5950 /
Statement of responsibility, etc. L.H. Martin and J.A. Purkiss.
260 ## - PUBLICATION, DISTRIBUTION, ETC.
Place of publication, distribution, etc. London :
Name of publisher, distributor, etc. Hodder and Stughton,
Date of publication, distribution, etc. 1992.
300 ## - PHYSICAL DESCRIPTION
Extent v, 468 p.
Other physical details ill. ;
Dimensions 25cm.
504 ## - BIBLIOGRAPHY, ETC. NOTE
Bibliography, etc. note Includes bibliographical references.
500 ## - GENERAL NOTE
General note Includes index.
650 ## - SUBJECT ADDED ENTRY--TOPICAL TERM
Topical term or geographic name entry element Design of steelwork.
700 ## - ADDED ENTRY--PERSONAL NAME
Personal name Purkiss, J.A.
907 ## - LOCAL DATA ELEMENT G, LDG (RLIN)
a .b10097120
b 21-02-13
c 26-11-03
942 ## - ADDED ENTRY ELEMENTS (KOHA)
Koha item type Ordinary Loan Books
Call number prefix TA890
Call number suffix MAR
Holdings
Date last seen Total Checkouts Full call number Barcode Cost, replacement price Price effective from Koha item type Lost status Source of classification or shelving scheme Damaged status Not for loan Collection Withdrawn status Home library Current library Shelving location Date acquired Cost, normal purchase price
01/23/2023 22 TA890 MAR 92003017959 80.00 01/23/2023 BOOKS   LCC     NFIC   MAIN MAIN GEN 01/23/2023 80.00